000 00345nam a22001337a 4500
005 20250901165810.0
008 250324b |||||||| |||| 00| 0 eng d
020 _a9789966497676
050 _aPL 8703 .B82 2008
245 _aKIPIMO CHA MIZANI
_cBURHANI ZAINAB
260 _aNAIROBI
_bSASA SEMA PUBLICATIONS
_c2008
300 _a234
942 _2lcc
999 _c9384
_d9384